000 00313pam a2200133a 44500
008 230405s2000 xxu||||| |||| 00| 0 eng d
041 _aENG
100 _aShaw ,G.B.
245 _aPygmalion
260 _aDELHI
_bOrient Longman
_c2000
440 _aSource = RATANAKAR MIRAJ
690 _aENGLISH
906 _a3991
999 _c784215
_d784215